Answers Contain the Name 'George' - Statistics

General Stats
  • This quiz has been taken 49 times
  • The average score is 11 of 21
Answer Stats
Hint Answer % Correct
Father and son US Presidents George (W.) Bush
86%
Was in a little known band called The Beatles George Harrison
84%
Androgynous 1980's pop star Boy George
81%
Boxer who fought Ali and later went on to sell grills George Foreman
77%
An animated TV series, later adapted into a 1997 film starring Brendan Fraser George of the Jungle
72%
Everyone's least favourite James Bond (Except Roger Moore, apparently) George Lazenby
70%
1980-1990s pop star who wanted you to wake him up before you Go Go George Michael
70%
Was murdered by a Minnesota police officer on May 25th, 2020. He could not breathe. George Floyd
65%
Actor who likes to work with the Coen Brothers George Clooney
63%
Incredibly gifted footballer from Northern Ireland who played for Manchester United George Best
53%
Jerry Seinfeld's troubled friend George Costanza
49%
American actor who went from 'A Breakfast at Tiffany's' to 'The A-Team' George Peppard
44%
Playwright who wrote 'Pygmalion' and won the Nobel Prize for Literature George Bernard Shaw
42%
He was Bad to the Bone and he Drank Alone George Thorogood
42%
Cool jazz guitarist who was 'Breezin'' George Benson
33%
Funk music maestro from Parliament and Funkadelic. Namesake of a former US Vice-President. George Clinton
33%
British actress who starred in Sam Peckinpah's 'Straw Dogs' Susan George
33%
1994 film about a British monarch starring Nigel Hawthorne The Madness of King George
33%
1970's British sitcom. Spin-off from 'Man About the House' George and Mildred
30%
Australian actress who starred in David Lynch's 'Mulholland Drive' Melissa George
26%
Roman soldier of Greek descent; executed in 303 for refusing to recant his Christian faith Saint George (George of Lydda)
9%
No matching quizzes found
Score Distribution
Percent of People with Each Score
Percentile by Number Answered
Your Score History
You have not taken this quiz